000 00635nam a2200205Ii 4500
003 JO-AjNU
008 230605s9999||||xx |||||||||||||| ||und||
040 _aJO-AjNU
_bara
_erda
_cJO-AjNU
041 _aara
050 1 4 _aPJ7510.B33496 1984
100 3 _aبكار، يوسف حسين,
_eauthor
_940724
245 0 0 _aقضايا في النقد والشعر
250 _aط1
264 3 1 _aبيروت:دار الأندلس، 1984
300 _a169ص
336 _atext
_btxt
_2rdacontent
337 _aunmediated
_bn
_2rdamedia
338 _avolume
_bnc
_2rdacarrier
650 4 _aالأدب العربي - تاريخ ونقد
_940725
999 _aA17306
_c20874
_d20874